Lloyd George and the first world war

Bibliographic Details
Main Author: Ross, Stewart
Format: Book
Published: England : Wayland , 1987
Series:Life and Times
Subjects:

MARC

LEADER 00000cam a2200000 7i4500
001 0000002112
002 000002307
005 .0
020 |a 1852102411 
090 0 0 |a J 940.3   |b ROS 
100 1 |a Ross, Stewart 
245 1 0 |a Lloyd George and the first world war   |c Stewart Ross 
260 |a England :   |b Wayland ,   |c 1987 
300 |a 47p. :   |b ill ;   |c 23cm. 
490 0 |a Life and Times 
650 0 0 |a World War   |y 1914-1918   |x Juvenile Literature 
999 |a 033684   |b BUKU   |c PINJAMAN   |e PERPUSTAKAAN KOMUNITI PETALING JAYA